000 00622nam a2200217 u 4500
005 20210223130325.0
008 071010s2006 mx r 000 0 spa d
020 _a8497863011
035 _aUPN01000152802
049 _aCG
050 4 _aPS2383
_bM6.3c
100 1 _aMelville, Herman,
_d1819-1891
_929256
245 1 0 _aMoby Dick /
_cHerman Melville.
260 _aMadrid :
_bPerymat Libros,
_c2006.
300 _a189 p. :
_bil.
440 3 _aLa punta del iceberg
650 4 _aPESCA DE BALLENAS -
_vNOVELA
_98940
650 4 _aBALLENAS -
_vLITERATURA JUVENIL
_98652
650 4 _aCUENTOS DE MAR
_98752
905 _aLibro
999 _c124925
_d124925